Band Members by Instrument - Miscellaneous Rock # 7 Edition - Statistics

General Stats
  • This quiz has been taken 89 times
  • The average score is 7 of 52
Answer Stats
Band Instrument or Role Answer % Correct
No Doubt (1995-present) Vocals Gwen Stefani
72%
Blink-182 (1998-2005) Drums Travis Barker
67%
Limp Bizkit (1996-2001) Vocals Fred Durst
53%
Jane's Addiction (1986-1991) Guitar Dave Navarro
47%
Matchbox Twenty (1995-2005) Vocals Rob Thomas
47%
System of a Down (1997-present) Vocals, Keyboards Serj Tankian
38%
Blink-182 (1998-2005) Vocals, Guitar Tom DeLonge
35%
Blink-182 (1998-2005) Vocals, Bass Mark Hoppus
33%
Jane's Addiction (1986-1991) Vocals Perry Farrell
33%
System of a Down (1997-present) Guitar, Vocals Daron Malakian
22%
The Offspring (1987-2003) Vocals, Rhythm Guitar Dexter Holland
22%
Limp Bizkit (1996-2001) Guitar Wes Borland
18%
Counting Crows (1991-1999) Vocals Adam Duritz
17%
The Offspring (1987-2003) Lead Guitar Noodles
17%
System of a Down (1997-present) Drums John Dolmayan
13%
System of a Down (1997-present) Bass Shavo Odadjian
13%
No Doubt (1995-present) Bass Tony Kanal
12%
No Doubt (1995-present) Drums Adrian Young
10%
Limp Bizkit (1996-2001) DJ DJ Lethal
10%
Pavement (1991-1999) Drums Gary Young / Steve West
10%
Limp Bizkit (1996-2001) Drums John Otto
10%
Pavement (1991-1999) Vocals, Guitar Stephen Malkmus
10%
Jane's Addiction (1986-1991) Drums Stephen Perkins
8%
Death Cab for Cutie (2003-2014) Vocals, Guitar Ben Gibbard
7%
Jane's Addiction (1986-1991) Bass Eric Avery
7%
Pavement (1991-1999) Guitar Scott "Spiral Stairs" Kannberg
7%
Belle and Sebastian (1996-2012) Vocals Stuart Murdoch
7%
No Doubt (1995-present) Guitar Tom Dumont
7%
Limp Bizkit (1996-2001) Bass Sam Rivers
5%
Belle and Sebastian (1996-2012) Guitar Stevie Jackson
5%
The Offspring (1987-2003) Bass Greg K.
3%
Belle and Sebastian (1996-2012) Cello (1996-2002) Isobel Campbell
3%
Matchbox Twenty (1995-2005) Lead Guitar Kyle Cook
3%
Belle and Sebastian (1996-2012) Vocals, Violin Sarah Martin
3%
Pavement (1991-1999) Percussion Bob Nastanovich
2%
Death Cab for Cutie (2003-2014) Guitar Chris Walla
2%
Counting Crows (1991-1999) Guitar David Bryson
2%
Matchbox Twenty (1995-2005) Drums Paul Doucette
2%
The Offspring (1987-2003) Drums Ron Welty
2%
Matchbox Twenty (1995-2005) Rhythm Guitar Adam Gaynor
0%
Matchbox Twenty (1995-2005) Bass Brian Yale
0%
Counting Crows (1991-1999) Keyboards Charlie Gillingham
0%
Belle and Sebastian (1996-2012) Keyboards Chris Geddes
0%
Counting Crows (1991-1999) Guitar (1994-1999) Dan Vickrey
0%
Death Cab for Cutie (2003-2014) Drums Jason McGerr
0%
Pavement (1991-1999) Bass Mark Ibold
0%
Counting Crows (1991-1999) Bass Matt Malley
0%
Belle and Sebastian (1996-2012) Trumpet Mick Cooke
0%
Death Cab for Cutie (2003-2014) Bass Nick Harmer
0%
Belle and Sebastian (1996-2012) Drums Richard Colburn
0%
Counting Crows (1991-1999) Drums Steve Bowman / Ben Mize
0%
Belle and Sebastian (1996-2012) Bass Stuart David / Bobby Kildea
0%
No matching quizzes found
Score Distribution
Percent of People with Each Score
Percentile by Number Answered
Your Score History
You have not taken this quiz